000 nam a22 a 4500
999 _c129700
_d129700
003 BLK
005 20210310161736.0
008 180409b bul|||||r ||||||| ||bul||
010 _aKNG00135438000
040 _aBLK
041 _aBUL
_cBUL
080 _aСправочно-библиографска и информационна работа - Форми на пропаганда на книгата, библиографски помагала, пътеводители по литературата и др. Вж и 028
_b025.5
_x(035)
_z025.5(035)
100 1 _aТренков, Христо Йорданов
_eпърви автор
_9378034
139 _aТренков, Христо Йорданов
_bТ 82
245 1 0 _aСправочно-библиографската работа в масовата библиотека
_bРъководство за начинаещия библиотекар
_cХристо Йорданов Тренков.
257 _aBGR
260 _aСофия
_bНаука и изкуство
_c1953
_fСофия : Дечо Стефанов
300 _a100 с.
_c20 см
380 _a0
500 _aИзд. на КНИК. - 2 000 тир. - Съдържа Приложения Какво да четем по справочно-библиогр. работа, Списък на по-важните справочници, необходими в масовата библиотека.
650 4 _aБиблиотеки - справочно-библиографска и информационна работа
_9259350
653 _aбиблиотечно обслужване
653 _aсправочно-библиографска работа
653 _aинформационна дейност
653 _aръководства
852 _aЦб 0.200.46513
_bЦб
856 4 _qpdf
856 4 _qpdf
942 _cKNG
_n0
_s1
944 _aCR
_c23.10.2012
_l23.10.2012 - от С1,Р / 23.10.2012
_kНаталия_Медовщикова
944 _aED
_c2021-03-10
_kГГГ
999 _d129700
999 _d129700